Detalles MARC
| 000 -CABECERA |
| Longitud fija campo de control |
01588nam a2200469 c 4500 |
| 001 - NÚMERO DE CONTROL |
| Número de control |
53494 |
| 003 - IDENTIFICADOR DE NÚMERO DE CONTROL |
| Identificador del número de control |
ES-MaCES |
| 005 - FECHA Y HORA DE LA ÚLTIMA TRANSACCIÓN |
| Fecha y hora de la última transacción |
20251115040006.0 |
| 008 - CAMPO FIJO DE DESCRIPCIÓN FIJA--INFORMACIÓN GENERAL |
| Códigos de información de longitud fija |
250115s2024 sp 000 ||spa d |
| 017 ## - NÚMERO DE REGISTRO DE DERECHOS DE AUTOR Y DEPÓSITO LEGAL |
| Número de copyright o de depósito legal |
V 681-2024 |
| Agencia que asigna el número |
DL |
| 020 ## - ISBN (INTERNATIONAL STANDARD BOOK NUMBER) |
| Número Internacional Normalizado para Libros (ISBN) |
9788411833264 |
| 040 ## - FUENTE DE CATALOGACIÓN |
| Centro catalogador de origen |
ES-MaCES |
| Lengua de catalogación |
spa |
| Centro transcriptor |
ES-MaCES |
| 245 00 - MENCIÓN DE TÍTULO |
| Título |
Expresiones de odio en entornos digitales españoles |
| Resto del título |
|
| Mención de responsabilidad, etc. |
Alicia Moreno-Delgado, Elias Said-Hung, Max Römer Pieretti, eds. |
| 260 ## - PUBLICACIÓN, DISTRIBUCIÓN, ETC (PIE DE IMPRENTA) |
| Lugar de publicación, distribución, etc. |
Valencia |
| Nombre del editor, distribuidor, etc. |
Tirant Humanidades |
| Fecha de publicación, distribución, etc. |
2024 |
| 300 ## - DESCRIPCIÓN FÍSICA |
| Extensión |
261 p. |
| Dimensiones |
24 cm |
| 490 1# - MENCIÓN DE SERIE |
| Mención de serie |
Plural |
| 504 ## - NOTA DE BIBLIOGRAFÍA, ETC. |
| Nota de bibliografía, etc. |
Bibliografía |
| 541 ## - NOTA DE LA FUENTE INMEDIANTE DE ADQUISICIÓN |
| Forma de adquisición |
Compra |
| 650 #4 - ASIENTO SECUNDARIO DE MATERIA--TÉRMINO DE MATERIA |
| Término de materia o nombre geográfico como elemento inicial |
medios de comunicación de masas |
| 9 (RLIN) |
27878 |
| 650 #4 - ASIENTO SECUNDARIO DE MATERIA--TÉRMINO DE MATERIA |
| Término de materia o nombre geográfico como elemento inicial |
nuevas tecnologías |
| 9 (RLIN) |
30788 |
| 650 #4 - ASIENTO SECUNDARIO DE MATERIA--TÉRMINO DE MATERIA |
| Término de materia o nombre geográfico como elemento inicial |
cambio tecnológico |
| 9 (RLIN) |
28236 |
| 650 #4 - ASIENTO SECUNDARIO DE MATERIA--TÉRMINO DE MATERIA |
| Término de materia o nombre geográfico como elemento inicial |
Internet |
| 9 (RLIN) |
30572 |
| 650 #4 - ASIENTO SECUNDARIO DE MATERIA--TÉRMINO DE MATERIA |
| Término de materia o nombre geográfico como elemento inicial |
economía colaborativa |
| 9 (RLIN) |
37923 |
| 650 #4 - ASIENTO SECUNDARIO DE MATERIA--TÉRMINO DE MATERIA |
| Término de materia o nombre geográfico como elemento inicial |
difusión de la información |
| 9 (RLIN) |
28915 |
| 650 #4 - ASIENTO SECUNDARIO DE MATERIA--TÉRMINO DE MATERIA |
| Término de materia o nombre geográfico como elemento inicial |
discriminación |
| 9 (RLIN) |
27180 |
| 650 #4 - ASIENTO SECUNDARIO DE MATERIA--TÉRMINO DE MATERIA |
| Término de materia o nombre geográfico como elemento inicial |
discriminación por razones de sexo |
| 9 (RLIN) |
29521 |
| 650 #4 - ASIENTO SECUNDARIO DE MATERIA--TÉRMINO DE MATERIA |
| Término de materia o nombre geográfico como elemento inicial |
exclusión social |
| 9 (RLIN) |
30629 |
| 650 #4 - ASIENTO SECUNDARIO DE MATERIA--TÉRMINO DE MATERIA |
| Término de materia o nombre geográfico como elemento inicial |
sistema de valores |
| 9 (RLIN) |
29392 |
| 650 #4 - ASIENTO SECUNDARIO DE MATERIA--TÉRMINO DE MATERIA |
| Término de materia o nombre geográfico como elemento inicial |
comportamiento |
| 9 (RLIN) |
27271 |
| 650 #4 - ASIENTO SECUNDARIO DE MATERIA--TÉRMINO DE MATERIA |
| Término de materia o nombre geográfico como elemento inicial |
problema social |
| 9 (RLIN) |
27044 |
| 650 #4 - ASIENTO SECUNDARIO DE MATERIA--TÉRMINO DE MATERIA |
| Término de materia o nombre geográfico como elemento inicial |
problema político |
| 9 (RLIN) |
27244 |
| 650 #4 - ASIENTO SECUNDARIO DE MATERIA--TÉRMINO DE MATERIA |
| Término de materia o nombre geográfico como elemento inicial |
España |
| 9 (RLIN) |
26964 |
| 650 #4 - ASIENTO SECUNDARIO DE MATERIA--TÉRMINO DE MATERIA |
| Término de materia o nombre geográfico como elemento inicial |
estudio de casos |
| 9 (RLIN) |
28846 |
| 650 #4 - ASIENTO SECUNDARIO DE MATERIA--TÉRMINO DE MATERIA |
| Término de materia o nombre geográfico como elemento inicial |
investigación interdisciplinaria |
| 9 (RLIN) |
28841 |
| 653 10 - TÉRMINO DE INDEXACIÓN--NO CONTROLADO |
| Término no controlado |
Ciencias Sociales-Políticas |
| 700 1# - ENCABEZAMIENTO SECUNDARIO--NOMBRE PERSONAL |
| 9 (RLIN) |
41260 |
| Nombre de persona |
Moreno-Delgado, Alicia |
| Término indicativo de función |
ed. lit. |
| 700 1# - ENCABEZAMIENTO SECUNDARIO--NOMBRE PERSONAL |
| 9 (RLIN) |
40319 |
| Nombre de persona |
Said-Hung, Elias |
| Término indicativo de función |
ed. lit. |
| 700 1# - ENCABEZAMIENTO SECUNDARIO--NOMBRE PERSONAL |
| 9 (RLIN) |
41261 |
| Nombre de persona |
Römer Pieretti, Max |
| Término indicativo de función |
ed. lit. |
| 830 #0 - ENCABEZAMIENTO SECUNDARIO DE COLECCIÓN--TÍTULO UNIFORME |
| 9 (RLIN) |
36323 |
| Título uniforme |
Colección Plural |
| 902 ## - CES. TIPO DE DOCUMENTO |
| Tipodoc (006$c Sirtex) |
LIB Libro |
| 942 ## - ELEMENTOS KOHA |
| Fuente de clasificaión o esquema |
Clasificación propia del CES |
| Koha [por defecto] tipo de item |
Monografías |
| Parte de clasificación |
Ciencias Sociales Politicas Empresariale |